Development and Self-Identity: Hegel's Concept of Education (Record no. 512578)
[ view plain ]
| 000 -CABECERA | |
|---|---|
| Campo de control de longitud fija | 00512nab a2200157Ia 4500 |
| 003 - IDENTIFICADOR DEL NÚMERO DE CONTROL | |
| Campo de control | ES-SlBCS |
| 005 - FECHA Y HORA DE LA ÚLTIMA TRANSACCIÓN | |
| Campo de control | 20210601124312.0 |
| 008 - CÓDIGOS DE INFORMACIÓN DE LONGITUD FIJA | |
| Campo de control de longitud fija | 140529s1982 xxu||||| |||| 00| 0 eng d |
| 041 ## - CÓDIGO DE LENGUA | |
| Código de lengua del texto/banda sonora o título independiente | eng |
| 100 1# - PUNTO DE ACCESO PRINCIPAL-NOMBRE DE PERSONA | |
| Nombre de persona | Vincent, A. W. |
| 9 (RLIN) | 139423 |
| 245 00 - MENCIÓN DE TÍTULO | |
| Título | Development and Self-Identity: Hegel's Concept of Education |
| Mención de responsabilidad, etc. | A. W. Vincent, Michael George |
| 600 14 - PUNTO DE ACCESO ADICIONAL DE MATERIA-NOMBRE DE PERSONA | |
| Nombre personal | Hegel-Educación |
| 9 (RLIN) | 139424 |
| 700 1# - PUNTO DE ACCESO ADICIONAL-NOMBRE DE PERSONA | |
| Nombre de persona | George, Michael |
| 9 (RLIN) | 139425 |
| 773 0# - ENLACE AL DOCUMENTO FUENTE | |
| Título | Educational Theory |
| Parte(s) relacionada(s) | vol. 32, nº. 3-4, 1982, págs. 131-142 |
| Número de control del registro relacionado | Rev1399 |
| 942 ## - ENTRADA DE ELEMENTOS AGREGADOS (KOHA) | |
| Koha [por defecto] tipo de item | Artículos de revista |
| Suprimido | Perdido | Estropeado | No para préstamo | Localización permanente | Localización actual | Localización en estantería | Fecha adquisición | Préstamos totales | Fecha última consulta | Fecha del precio de reemplazo | Tipo de item de Koha |
|---|---|---|---|---|---|---|---|---|---|---|---|
| San Esteban | San Esteban | Depósito de revistas | 11/07/2014 | 11/07/2014 | 11/07/2014 | Artículos de revista |
